000 00700cam a2200205 4500
001 WB3622-12
008 000000n2000 000 0 eng u
035 _a(Sirsi) u106360
245 _aStamp duty on residential tenancies
260 _c2000
490 _aCSM
_bChartered Surveyor Monthly
_v6 June 2000 14(1)
520 _aStamp duty on residential tenancy agreements has been amended following the budget statement.
590 _aWB
650 _aSTAMP DUTY
650 _aPROPERTY-RESIDENTIAL PROPERTY-RESIDENTIAL LANDLORD AND TENANT-RESIDENTIAL TENANCIES
650 _aBUDGET 2000
650 _aANNUAL RENT
690 _aMANAGEMENT-BUSINESS MANAGEMENT-FINANCIAL MANAGEMENT
942 _n0
999 _c63704
_d63704